| 000 | 00570cam a2200181 a 4500 | ||
|---|---|---|---|
| 001 | 000019879 | ||
| 005 | 20200929170156.0 | ||
| 008 | 770811s1964 ve 000 0 spa d | ||
| 040 |
_aDO-SdBNP _bspa _cBNPHU |
||
| 082 |
_aV863.5 _bR788p |
||
| 100 | 1 |
_aRosales, Julio. _942416 |
|
| 245 | 1 | 0 |
_aPanal de cuentos / _cJulio Rosales. |
| 260 |
_aCaracas : _bDireccion de Cultura de la Universidad Central de Venezuela, _c1964. |
||
| 300 |
_a199 p. ; _c22 cm. |
||
| 500 | _a"Selección 1905-1961". | ||
| 650 | 4 |
_aCuentos venezolano _942417 |
|
| 650 | 4 |
_aLiteratura venezolana _93816 |
|
| 999 |
_c19392 _d19392 |
||